000 01700nam a2200469 i 4500
001 25690
003 KOSZ 005
005 20200426152859.0
008 200426s1973 pl a f 001 0 pol
015 _aUWD 1974/104
035 _a991024673109705066
035 _a(PL-WaBN)b16729675-48omnis_nlop
035 _ab16729675
035 _a(OCoLC)830625572
035 _a(PL)b0000001672967
035 _a(EXLNZ-48OMNIS_NETWORK)9910171839605606
040 _aWA N
_cWA N
_dKOSZ 005/RW
046 _k1973
080 _a621.1
100 1 _aTuliszka, Edmund
_d(1920-2006)
_eAutor
245 1 0 _aTurbiny cieplne :
_bzagadnienia termodynamiczne i przepływowe /
_cEdmund Tuliszka.
260 _aWarszawa :
_bWydawnictwa Naukowo-Techniczne,
_c1973.
300 _a751, [1] stron :
_bilustracje, tablice, wykresy ;
_c25 cm.
336 _aTekst
_btxt
_2rdacontent
337 _aBez urządzenia pośredniczącego
_bn
_2rdamedia
338 _aWolumin
_bnc
_2rdacarrier
380 _aKsiążki
380 _aPublikacje fachowe
388 _a1901-2000
388 _a1945-1989
504 _aBibliografia przy rozdziałach. Indeks.
521 8 _aKsiążka przeznaczona dla inżynierów zatrudnionych przy projektowaniu, produkcji, naprawach i eksploatacji turbin cieplnych.
650 7 _aTurbiny cieplne
_2DBN
650 7 _aTurbiny parowe
650 7 _aBudowa i konstrukcje
650 7 _aTermodynamika
658 _aInżynieria i technika
710 2 _aWydawnictwa Naukowo-Techniczne
_4pbl
856 _uhttp://koha.tu.koszalin.pl/cgi-bin/koha/opac-detail.pl?biblionumber=25690
_yKatalog online BPK
942 _2UKD
_cKS
999 _c25690
_d25690